[Event "Quebec op U1400"]
[Site "Montreal CAN"]
[Date "2008.07.24"]
[Round "6"]
[White "Bilodeau Savaria, Cendrina"]
[Black "Matte, Pierre"]
[Result "0-1"]
[WhiteElo "976"]
[BlackElo "1314"]
[PlyCount "104"]
[GameId "2160767910353577"]
[EventDate "2008.07.19"]
[EventType "swiss"]
[EventRounds "9"]
[EventCountry "CAN"]
[SourceTitle "EXT 2011"]
[Source "ChessBase"]
[SourceDate "2011.11.26"]
[SourceVersion "1"]
[SourceVersionDate "2011.11.26"]
[SourceQuality "1"]

1. d4 d5 2. c4 c6 3. Nc3 Nf6 4. Nf3 h6 5. e3 e6 6. Bd3 Bb4 7. O-O O-O 8. Bd2 Nbd7 9. a3 Bxc3 10. Bxc3 a5 11. Qd2 dxc4 12. Bxc4 Ne4 13. Qe2 Nxc3 14. bxc3 Nf6 15. Qd3 Nd5 16. Bb3 b5 17. Bc2 Nf6 18. Ne5 Qd6 19. Ng4 Ne4 20. Nxh6+ gxh6 21. Qxe4 f5 22. Qf3 Kh7 23. e4 Bd7 24. e5 Qe7 25. Qe3 a4 26. g3 Rg8 27. f4 Rac8 28. Bd1 c5 29. Rf2 cxd4 30. Qxd4 Rgd8 31. Qe3 Rc7 32. Be2 Rdc8 33. Qb6 Qe8 34. Rb1 Rxc3 35. Rff1 Rb3 36. Rfd1 Rcc3 37. Rxb3 axb3 38. Qb7 b2 39. Rb1 Rc1+ 40. Rxc1 bxc1=Q+ 41. Kf2 Qc5+ 42. Kf1 Kg6 43. Qf3 Kh7 44. Qb7 Kh8 45. Qf3 Bc6 46. Qd3 Qd7 47. Qb1 Qdd5 48. Ke1 Qh1+ 49. Bf1 Qe3+ 50. Kd1 Qxf1+ 51. Kc2 Be4+ 52. Kb2 Qxb1# 0-1

[Event "Quebec op U1400"]
[Site "Montreal CAN"]
[Date "2008.07.24"]
[Round "6"]
[White "Boni-Rowe, Nicolas"]
[Black "Aronowitz, Charles"]
[Result "0-1"]
[WhiteElo "1096"]
[BlackElo "1365"]
[PlyCount "46"]
[GameId "2160767910353578"]
[EventDate "2008.07.19"]
[EventType "swiss"]
[EventRounds "9"]
[EventCountry "CAN"]
[SourceTitle "EXT 2011"]
[Source "ChessBase"]
[SourceDate "2011.11.26"]
[SourceVersion "1"]
[SourceVersionDate "2011.11.26"]
[SourceQuality "1"]

1. d4 Nf6 2. c4 c5 3. d5 b5 4. Nf3 bxc4 5. Nc3 d6 6. e4 Bg4 7. Bxc4 Nbd7 8. Qd3 Bxf3 9. Qxf3 Ne5 10. Bb5+ Nfd7 11. Qe2 g6 12. f4 Bg7 13. fxe5 Bxe5 14. O-O O-O 15. Bh6 Re8 16. Qg4 Nf6 17. Qh3 Qb6 18. Bxe8 Rxe8 19. Na4 Qb4 20. Qb3 Qxe4 21. Nc3 Qh4 22. g3 Qxh6 23. Qa4 Ra8 0-1

[Event "Quebec op U1400"]
[Site "Montreal CAN"]
[Date "2008.07.26"]
[Round "8"]
[White "Bilodeau Savaria, Cendrina"]
[Black "Rathburn-MacKay, Hector"]
[Result "0-1"]
[WhiteElo "976"]
[BlackElo "1321"]
[PlyCount "114"]
[GameId "2160767910353580"]
[EventDate "2008.07.19"]
[EventType "swiss"]
[EventRounds "9"]
[EventCountry "CAN"]
[SourceTitle "EXT 2011"]
[Source "ChessBase"]
[SourceDate "2011.11.26"]
[SourceVersion "1"]
[SourceVersionDate "2011.11.26"]
[SourceQuality "1"]

1. d4 g6 2. c4 Bg7 3. Nc3 d6 4. e4 Nc6 5. Nf3 Bg4 6. d5 Ne5 7. Bd2 h5 8. h3 Bxf3 9. gxf3 Nh6 10. f4 Nd7 11. Qc2 O-O 12. O-O-O c6 13. Rg1 cxd5 14. Nxd5 e6 15. Nc3 a6 16. f5 exf5 17. Bxh6 Bxh6+ 18. Kb1 fxe4 19. Nxe4 Qc7 20. Nxd6 Bf4 21. Ne4 Kh8 22. Bg2 Rac8 23. Bf1 b5 24. Be2 bxc4 25. Nc3 Rfe8 26. Rge1 Nb6 27. Nd5 Nxd5 28. Rxd5 Qb7 29. Rd4 Qc7 30. Rxc4 Qxc4 31. Qxc4 Rxc4 32. Bxc4 Rxe1+ 33. Kc2 a5 34. Kb3 Kg7 35. Ka4 Re4 36. b3 Bd2 37. Kb5 Bb4 38. Ka4 Kf6 39. Kb5 Kg5 40. Bxf7 Re2 41. Bd5 Rxf2 42. a4 Kh4 43. Be6 Rf3 44. Kc4 Rxh3 45. Bxh3 Kxh3 46. Kd3 g5 47. Ke2 Kg2 48. Ke3 h4 49. Ke2 g4 50. Ke3 h3 51. Ke2 h2 52. Kd3 h1=Q 53. Kc2 Qe1 54. Kd3 Kf3 55. Kc2 Qc3+ 56. Kb1 Ba3 57. Ka2 Qb2# 0-1

[Event "Quebec op U1400"]
[Site "Montreal CAN"]
[Date "2008.07.26"]
[Round "8"]
[White "Keane-McCarney, Eamon"]
[Black "Aronowitz, Charles"]
[Result "0-1"]
[WhiteElo "1295"]
[BlackElo "1365"]
[PlyCount "80"]
[GameId "2160767910353581"]
[EventDate "2008.07.19"]
[EventType "swiss"]
[EventRounds "9"]
[EventCountry "CAN"]
[SourceTitle "EXT 2011"]
[Source "ChessBase"]
[SourceDate "2011.11.26"]
[SourceVersion "1"]
[SourceVersionDate "2011.11.26"]
[SourceQuality "1"]

1. Nh3 Nf6 2. f3 e5 3. Nf2 d5 4. d3 Bc5 5. e3 Nc6 6. c3 d4 7. cxd4 exd4 8. e4 Ne5 9. Bg5 Be7 10. Bf4 Bd6 11. Qa4+ Nc6 12. Bxd6 Qxd6 13. a3 O-O 14. Nd2 Be6 15. g3 Qe5 16. Nc4 Bxc4 17. Qxc4 Rfe8 18. Bh3 Qd5 19. Rc1 Qxc4 20. dxc4 Rad8 21. O-O Ne5 22. Kg2 d3 23. f4 d2 24. Rc2 Nd3 25. Rd1 Ne1+ 26. Kf1 Nxc2 27. e5 Ne3+ 28. Ke2 Nxd1 29. Nxd1 Ne4 30. Bf5 Nc5 31. b4 Nb3 32. Be4 c6 33. Ne3 f6 34. Kd1 fxe5 35. Nf1 exf4 36. Bd5+ cxd5 37. Nxd2 dxc4 38. Kc2 Rxd2+ 39. Kc3 b5 40. a4 Re3# 0-1

[Event "Quebec op U1400"]
[Site "Montreal CAN"]
[Date "2008.07.26"]
[Round "9"]
[White "Aronowitz, Charles"]
[Black "Muscalu, Alexandru"]
[Result "1/2-1/2"]
[WhiteElo "1365"]
[BlackElo "1259"]
[PlyCount "87"]
[GameId "2160767910353582"]
[EventDate "2008.07.19"]
[EventType "swiss"]
[EventRounds "9"]
[EventCountry "CAN"]
[SourceTitle "EXT 2011"]
[Source "ChessBase"]
[SourceDate "2011.11.26"]
[SourceVersion "1"]
[SourceVersionDate "2011.11.26"]
[SourceQuality "1"]

1. d4 Nf6 2. Nf3 e6 3. e3 d5 4. Bd3 c5 5. c3 c4 6. Bc2 Bd6 7. Nbd2 b5 8. O-O Qc7 9. e4 Ng4 10. e5 Be7 11. Re1 Nc6 12. Nf1 h5 13. h3 Nh6 14. Bxh6 Rxh6 15. h4 Bd7 16. Qd2 O-O-O 17. Ng3 Rdh8 18. Ng5 Be8 19. Qf4 f6 20. Nxe6 fxe5 21. Qxh6 Rxh6 22. Nxc7 Kxc7 23. Nf5 Bg6 24. Nxh6 Bxc2 25. Nf7 e4 26. Ng5 Bxg5 27. hxg5 a5 28. f3 a4 29. a3 Kd6 30. f4 Ke6 31. Re3 Kf5 32. g3 g6 33. Rf1 Ne7 34. Kg2 Kg4 35. Rh1 Nf5 36. Rh4+ Nxh4+ 37. gxh4 Bd1 38. f5 Kxf5 39. Kg3 Ke6 40. Kf4 Bg4 41. Re1 Bf3 42. Re3 Kd6 43. Re1 Ke6 44. Re3 1/2-1/2

[Event "Quebec op U1700"]
[Site "Montreal CAN"]
[Date "2008.07.25"]
[Round "7"]
[White "Bergeron, Roland"]
[Black "Pilon, Denis"]
[Result "1-0"]
[WhiteElo "1486"]
[BlackElo "1276"]
[PlyCount "69"]
[GameId "2160767910353584"]
[EventDate "2008.07.19"]
[EventType "swiss"]
[EventRounds "9"]
[EventCountry "CAN"]
[SourceTitle "EXT 2011"]
[Source "ChessBase"]
[SourceDate "2011.11.26"]
[SourceVersion "1"]
[SourceVersionDate "2011.11.26"]
[SourceQuality "1"]

1. c4 e5 2. Nc3 Nc6 3. g3 Nf6 4. Bg2 Bc5 5. e3 d6 6. a3 a5 7. Nge2 Bf5 8. d3 Qd7 9. O-O h5 10. h4 Bh3 11. Nd5 Nxd5 12. cxd5 Bxg2 13. Kxg2 Ne7 14. e4 f5 15. Nc3 O-O-O 16. b4 Bd4 17. Bd2 Rdf8 18. Rb1 f4 19. bxa5 f3+ 20. Kh2 Qg4 21. Nb5 Ng6 22. Qc1 Qd7 23. Nxd4 exd4 24. a6 bxa6 25. Rb4 Ne5 26. Qb2 Kd8 27. Qxd4 Ng4+ 28. Kg1 Nf6 29. Qe3 Ng4 30. Rb8+ Ke7 31. Qg5+ Nf6 32. Qxg7+ Rf7 33. Qxh8 Nh7 34. Rfb1 Nf8 35. Bg5+ 1-0

[Event "Quebec op U1700"]
[Site "Montreal CAN"]
[Date "2008.07.26"]
[Round "8"]
[White "Sarrazin-Gendron, Roman"]
[Black "Luo, Alan"]
[Result "1-0"]
[WhiteElo "1472"]
[BlackElo "1021"]
[PlyCount "40"]
[GameId "2160767910353585"]
[EventDate "2008.07.19"]
[EventType "swiss"]
[EventRounds "9"]
[EventCountry "CAN"]
[SourceTitle "EXT 2011"]
[Source "ChessBase"]
[SourceDate "2011.11.26"]
[SourceVersion "1"]
[SourceVersionDate "2011.11.26"]
[SourceQuality "1"]

1. Nf3 d5 2. c4 c6 3. b3 Bf5 4. g3 Nf6 5. Bg2 e6 6. d3 Be7 7. O-O O-O 8. Nh4 Bg6 9. Nxg6 fxg6 10. Bb2 Nbd7 11. Nc3 Nb6 12. e3 Qc7 13. Qe2 Rad8 14. Rac1 Rd7 15. Bh3 Kf7 16. Nb5 Qb8 17. Nd4 c5 18. Bxe6+ Ke8 19. Bxd7+ Nfxd7 20. Nf3 Kf7 1-0

[Event "Quebec op U2000"]
[Site "Montreal CAN"]
[Date "2008.07.19"]
[Round "1"]
[White "McKay, Brian"]
[Black "Lambert, Pierre1"]
[Result "1-0"]
[WhiteElo "1822"]
[BlackElo "1344"]
[PlyCount "59"]
[GameId "2160767910353586"]
[EventDate "2008.07.19"]
[EventType "swiss"]
[EventRounds "8"]
[EventCountry "CAN"]
[SourceTitle "EXT 2022"]
[Source "ChessBase"]
[SourceDate "2021.10.06"]
[SourceVersion "1"]
[SourceVersionDate "2021.10.06"]
[SourceQuality "1"]

1. e4 e5 2. Nf3 Nc6 3. Bc4 Nf6 4. d3 Be7 5. Nc3 d6 6. a3 O-O 7. h3 a6 8. Bd2 b5 9. Ba2 Bd7 10. Ng5 h6 11. Nf3 Re8 12. Nh2 Bf8 13. Ng4 Nd4 14. Nxf6+ Qxf6 15. Nd5 Qd8 16. Ba5 Ra7 17. c3 Nc6 18. Bxc7 Rxc7 19. Nxc7 Qxc7 20. Rc1 Qb6 21. g4 Be6 22. Bb1 Be7 23. h4 d5 24. Qf3 d4 25. Ke2 Qd8 26. g5 hxg5 27. hxg5 Bxg5 28. Rcg1 Qf6 29. Qh5 Bf4 30. Qh8# 1-0

[Event "Quebec op U2000"]
[Site "Montreal CAN"]
[Date "2008.07.19"]
[Round "1"]
[White "Newman, Eric"]
[Black "Armstrong, Robert J"]
[Result "1-0"]
[WhiteElo "1560"]
[BlackElo "1782"]
[PlyCount "62"]
[GameId "2160767910353588"]
[EventDate "2008.07.19"]
[EventType "swiss"]
[EventRounds "8"]
[EventCountry "CAN"]
[SourceTitle "EXT 2022"]
[Source "ChessBase"]
[SourceDate "2021.10.06"]
[SourceVersion "1"]
[SourceVersionDate "2021.10.06"]
[SourceQuality "1"]

1. e4 g6 2. d4 Bg7 3. Bc4 d6 4. f4 Nf6 5. Nd2 Nxe4 6. Bxf7+ Kxf7 7. Nxe4 Rf8 8. Nf3 Kg8 9. c3 Nd7 10. Qb3+ Kh8 11. Neg5 Qe8 12. Ne6 Qf7 13. Nxf8 Qxf8 14. Ng5 h6 15. Ne6 Qf5 16. O-O c5 17. Nxg7 Kxg7 18. Bd2 Nf6 19. Rae1 e6 20. dxc5 Qxc5+ 21. Be3 Qf5 22. Bd4 b6 23. Qa3 Qd5 24. Rd1 Qb5 25. Bxf6+ Kxf6 26. Qxd6 Ba6 27. Rfe1 Qf5 28. Re5 Qg4 29. h3 Qh4 30. Qxe6+ Kg7 31. Rd7+ Kh8 1-0

[Event "Quebec op U2000"]
[Site "Montreal CAN"]
[Date "2008.08.19"]
[Round "1"]
[White "Shah, Omar"]
[Black "Moran-Venegas, Mario"]
[Result "1-0"]
[WhiteElo "1904"]
[BlackElo "1700"]
[PlyCount "41"]
[GameId "2160767910353589"]
[EventDate "2008.07.19"]
[EventType "swiss"]
[EventRounds "8"]
[EventCountry "CAN"]
[SourceTitle "EXT 2022"]
[Source "ChessBase"]
[SourceDate "2021.10.06"]
[SourceVersion "1"]
[SourceVersionDate "2021.10.06"]
[SourceQuality "1"]

1. e4 e5 2. Nf3 Nc6 3. d4 exd4 4. Nxd4 Bc5 5. Be3 Qe7 6. Nc3 Nxd4 7. Bxd4 Nf6 8. Be2 c6 9. e5 Nd5 10. Nxd5 cxd5 11. Bc3 Qh4 12. O-O d4 13. g3 Qe4 14. Bf3 Qf5 15. Bd2 O-O 16. Re1 d3 17. c3 Re8 18. Bf4 Qe6 19. Qxd3 Qb6 20. Re2 d6 21. b4 1-0

[Event "Quebec op U2000"]
[Site "Montreal CAN"]
[Date "2008.07.20"]
[Round "2"]
[White "Agcaoili, Marlou"]
[Black "Newman, Eric"]
[Result "1-0"]
[WhiteElo "1869"]
[BlackElo "1560"]
[PlyCount "49"]
[GameId "2160767910353590"]
[EventDate "2008.07.19"]
[EventType "swiss"]
[EventRounds "8"]
[EventCountry "CAN"]
[SourceTitle "EXT 2022"]
[Source "ChessBase"]
[SourceDate "2021.10.06"]
[SourceVersion "1"]
[SourceVersionDate "2021.10.06"]
[SourceQuality "1"]

1. d4 g6 2. c4 Bg7 3. Nc3 c5 4. d5 Bxc3+ 5. bxc3 Qa5 6. Bd2 f5 7. f3 Nf6 8. Qc2 d6 9. e4 fxe4 10. fxe4 Nbd7 11. Nf3 Qc7 12. Bd3 Ng4 13. O-O Nge5 14. Nxe5 Nxe5 15. Bf4 Nxd3 16. Qxd3 Bd7 17. Rae1 O-O-O 18. Bg5 Rde8 19. Rf7 Qd8 20. Qe3 b5 21. cxb5 Bxb5 22. Rb1 Bc4 23. Qh3+ Kc7 24. Qe6 Qd7 25. Rb7+ 1-0

[Event "Quebec op U2000"]
[Site "Montreal CAN"]
[Date "2008.07.20"]
[Round "2"]
[White "Armstrong, Robert J"]
[Black "Piche, Guy"]
[Result "1-0"]
[WhiteElo "1783"]
[BlackElo "1700"]
[PlyCount "117"]
[GameId "2160767910353591"]
[EventDate "2008.07.19"]
[EventType "swiss"]
[EventRounds "8"]
[EventCountry "CAN"]
[SourceTitle "EXT 2011"]
[Source "ChessBase"]
[SourceDate "2011.11.26"]
[SourceVersion "1"]
[SourceVersionDate "2011.11.26"]
[SourceQuality "1"]

1. d4 f5 2. g3 e6 3. Bg2 Nf6 4. c4 Bb4+ 5. Bd2 Qe7 6. a3 Bxd2+ 7. Qxd2 d5 8. cxd5 exd5 9. Nc3 c6 10. Nf3 Nbd7 11. O-O O-O 12. b4 Nb6 13. Ne5 a6 14. Rfb1 Nfd7 15. Nd3 Nc4 16. Qc2 Nf6 17. Nf4 Be6 18. Na4 Ne4 19. Nc5 Bf7 20. a4 b6 21. Ncd3 Ned2 22. Rd1 Ne4 23. Rdb1 g5 24. Nh3 Rac8 25. e3 Bh5 26. Ne1 Ned2 27. Rc1 Qxb4 28. Nxg5 Qe7 29. Ngf3 Qe4 30. Nxd2 Qxc2 31. Rxc2 Na5 32. Rac1 Rcd8 33. Nef3 Be8 34. Ne5 Rf6 35. Rb2 b5 36. axb5 axb5 37. Ra2 Nc4 38. Ndxc4 dxc4 39. Ra6 Rc8 40. d5 Kg7 41. dxc6 Re6 42. f4 Kf6 43. Bd5 Rxe5 44. fxe5+ Kxe5 45. Bf3 Kd6 46. Rd1+ Kc5 47. Rd5+ Kb4 48. Rxf5 Bg6 49. Rf4 Kb3 50. Rb6 b4 51. Bd5 Bd3 52. Be6 Re8 53. c7 Rxe6 54. Rxe6 Kc2 55. c8=Q b3 56. Rxc4+ Kd2 57. Rb4 Bc2 58. Rd6+ Kc1 59. Qc3 1-0

[Event "Quebec op U2000"]
[Site "Montreal CAN"]
[Date "2008.07.20"]
[Round "2"]
[White "Beladel, Brahim"]
[Black "Morin, Louis"]
[Result "0-1"]
[WhiteElo "1783"]
[BlackElo "1907"]
[PlyCount "94"]
[GameId "2160767910353592"]
[EventDate "2008.07.19"]
[EventType "swiss"]
[EventRounds "8"]
[EventCountry "CAN"]
[SourceTitle "EXT 2022"]
[Source "ChessBase"]
[SourceDate "2021.10.06"]
[SourceVersion "1"]
[SourceVersionDate "2021.10.06"]
[SourceQuality "1"]

1. e4 e5 2. Nf3 d6 3. d4 Nf6 4. dxe5 Nxe4 5. Bc4 c6 6. Bb3 d5 7. h3 Bc5 8. O-O O-O 9. c3 Nd7 10. Bf4 Bb6 11. Bc2 Ndc5 12. Qe2 Ne6 13. Be3 Bxe3 14. Qxe3 Qb6 15. Qxb6 axb6 16. Bxe4 dxe4 17. Nfd2 Nc5 18. Nc4 Nb3 19. Nxb6 Ra6 20. Nxc8 Rxc8 21. axb3 Rxa1 22. Nd2 Rxf1+ 23. Kxf1 Re8 24. Nxe4 Rxe5 25. f3 f5 26. Nd2 b5 27. b4 Kf7 28. Kf2 Ke7 29. f4 Re6 30. Nf3 Kd7 31. Ne5+ Rxe5 32. fxe5 Ke6 33. g3 Kxe5 34. Ke3 g5 35. h4 f4+ 36. gxf4+ gxf4+ 37. Kf3 h5 38. b3 Kf5 39. c4 Ke5 40. c5 Kf5 41. Kf2 Kg4 42. Kg2 Kxh4 43. Kf3 Kg5 44. Ke4 h4 45. Ke5 f3 46. Kd6 f2 47. Kxc6 f1=Q 0-1

[Event "Quebec op U2000"]
[Site "Montreal CAN"]
[Date "2008.07.20"]
[Round "2"]
[White "Gilbert, Erick"]
[Black "Hahnewald, Uwe"]
[Result "0-1"]
[WhiteElo "1845"]
[BlackElo "1705"]
[PlyCount "51"]
[GameId "2160767910353593"]
[EventDate "2008.07.19"]
[EventType "swiss"]
[EventRounds "8"]
[EventCountry "CAN"]
[SourceTitle "EXT 2011"]
[Source "ChessBase"]
[SourceDate "2011.11.26"]
[SourceVersion "1"]
[SourceVersionDate "2011.11.26"]
[SourceQuality "1"]

1. Nf3 d5 2. d3 Nf6 3. g3 e6 4. Bg2 c5 5. Nbd2 Be7 6. O-O Nc6 7. c3 b6 8. e4 Bb7 9. Qe2 Qc7 10. Re1 h6 11. a3 O-O-O 12. b4 dxe4 13. dxe4 Ne5 14. Nxe5 Qxe5 15. Bb2 h5 16. Nb3 h4 17. f4 Qc7 18. g4 h3 19. Bf3 g5 20. f5 exf5 21. exf5 Rde8 22. c4 Bd6 23. Qf2 Bxf3 24. Bxf6 Bg2 25. Qd2 Bxh2+ 26. Kf2 0-1

[Event "Quebec op U2000"]
[Site "Montreal CAN"]
[Date "2008.07.20"]
[Round "2"]
[White "Libersan, Mattieu"]
[Black "McKay, Brian"]
[Result "0-1"]
[WhiteElo "1967"]
[BlackElo "1822"]
[PlyCount "116"]
[GameId "2160767910353594"]
[EventDate "2008.07.19"]
[EventType "swiss"]
[EventRounds "8"]
[EventCountry "CAN"]
[SourceTitle "EXT 2022"]
[Source "ChessBase"]
[SourceDate "2021.10.06"]
[SourceVersion "1"]
[SourceVersionDate "2021.10.06"]
[SourceQuality "1"]

1. e4 g6 2. d4 Bg7 3. Nc3 d6 4. Bc4 Nf6 5. Qe2 O-O 6. e5 dxe5 7. dxe5 Ng4 8. e6 f5 9. Nf3 Nc6 10. O-O Nd4 11. Nxd4 Qxd4 12. Rd1 Qe5 13. Qxe5 Nxe5 14. Bb3 c6 15. Be3 b5 16. Bc5 Bf6 17. Nxb5 cxb5 18. Bd5 Ba6 19. Bxa8 Rxa8 20. f4 Nc6 21. Rd7 Bc8 22. Rc7 Bd4+ 23. Bxd4 Nxd4 24. Rxe7 Nxe6 25. Rd1 Kf8 26. Rxh7 Kg8 27. Rh3 a5 28. Rd6 Ra6 29. Rhd3 Rxd6 30. Rxd6 Kf7 31. g3 Ke7 32. Rd5 Nc7 33. Re5+ Kd6 34. Kf2 Bd7 35. c3 Ne6 36. b4 a4 37. Ke3 Nc7 38. a3 Nd5+ 39. Kd4 Nb6 40. Rc5 Bc6 41. h3 Nd7 42. Re5 Nxe5 43. fxe5+ Ke6 44. Kc5 Bd7 45. Kd4 g5 46. c4 bxc4 47. Kxc4 Kxe5 48. h4 gxh4 49. gxh4 f4 50. Kd3 Bb5+ 51. Kd2 Kf5 52. Ke1 Kg4 53. Kf2 Kxh4 54. Kf3 Kg5 55. Kf2 Kg4 56. Kg2 f3+ 57. Kf2 Kf4 58. Kg1 Kg3 0-1

[Event "Quebec op U2000"]
[Site "Montreal CAN"]
[Date "2008.07.20"]
[Round "2"]
[White "Rozybakiyev, Ilchin"]
[Black "Shah, Omar"]
[Result "0-1"]
[WhiteElo "1489"]
[BlackElo "1904"]
[PlyCount "84"]
[GameId "2160767910353595"]
[EventDate "2008.07.19"]
[EventType "swiss"]
[EventRounds "8"]
[EventCountry "CAN"]
[SourceTitle "EXT 2022"]
[Source "ChessBase"]
[SourceDate "2021.10.06"]
[SourceVersion "1"]
[SourceVersionDate "2021.10.06"]
[SourceQuality "1"]

1. e4 c5 2. Nf3 d6 3. d4 cxd4 4. Nxd4 Nf6 5. Nc3 a6 6. f3 e6 7. Be3 Be7 8. Qd2 O-O 9. O-O-O Qc7 10. g4 Nfd7 11. h4 Nc6 12. g5 Nde5 13. Be2 b5 14. Kb1 Bb7 15. h5 Nxd4 16. Bxd4 Bc6 17. Rdg1 b4 18. Nd1 Bb5 19. f4 Bxe2 20. Qxe2 Nc4 21. g6 e5 22. fxe5 dxe5 23. Be3 Rab8 24. Qg2 Bf6 25. Bg5 Bxg5 26. Qxg5 h6 27. gxf7+ Rxf7 28. Qxh6 Na3+ 29. bxa3 bxa3+ 30. Kc1 Qb7 31. Qd6 Qb1+ 32. Kd2 Qb7 33. Ke3 Rc8 34. c3 Rcf8 35. Rg3 Qb1 36. Qxa3 Rd8 37. c4 Rxd1 38. Rxd1 Qxd1 39. Qc3 Qf1 40. Qxe5 Qe1+ 41. Kd4 Rd7+ 42. Kc5 Qa5+ 0-1

[Event "Quebec op U2000"]
[Site "Montreal CAN"]
[Date "2008.07.21"]
[Round "3"]
[White "Morin, Louis"]
[Black "Carrier, Rene"]
[Result "1-0"]
[WhiteElo "1907"]
[BlackElo "1817"]
[PlyCount "63"]
[GameId "2160767910353596"]
[EventDate "2008.07.19"]
[EventType "swiss"]
[EventRounds "8"]
[EventCountry "CAN"]
[SourceTitle "EXT 2022"]
[Source "ChessBase"]
[SourceDate "2021.10.06"]
[SourceVersion "1"]
[SourceVersionDate "2021.10.06"]
[SourceQuality "1"]

1. e4 c6 2. d4 d5 3. Nc3 dxe4 4. Nxe4 Nd7 5. Qe2 e6 6. Bf4 Ndf6 7. O-O-O Nxe4 8. Qxe4 Nf6 9. Qe5 Be7 10. Nf3 O-O 11. Bd3 Qd5 12. c4 Qxe5 13. Bxe5 Rd8 14. Ng5 h6 15. Nf3 b6 16. Rhg1 Bb7 17. g4 c5 18. g5 hxg5 19. Nxg5 Ne8 20. h4 cxd4 21. Bh7+ Kf8 22. Bxd4 Bf6 23. Bxf6 Nxf6 24. Bc2 Ke7 25. f3 Rac8 26. b3 Nh5 27. Rxd8 Rxd8 28. Nxf7 Rf8 29. Ne5 Kd6 30. Rg5 Nf4 31. Rxg7 Kxe5 32. Rxb7 1-0

[Event "Quebec op U2000"]
[Site "Montreal CAN"]
[Date "2008.07.21"]
[Round "3"]
[White "Newman, Eric"]
[Black "Ramaswamy, Kiran"]
[Result "1-0"]
[WhiteElo "1560"]
[BlackElo "1981"]
[PlyCount "45"]
[GameId "2160767910353597"]
[EventDate "2008.07.19"]
[EventType "swiss"]
[EventRounds "8"]
[EventCountry "CAN"]
[SourceTitle "EXT 2022"]
[Source "ChessBase"]
[SourceDate "2021.10.06"]
[SourceVersion "1"]
[SourceVersionDate "2021.10.06"]
[SourceQuality "1"]

1. e4 c5 2. Nc3 g6 3. Bc4 Bg7 4. f4 Nc6 5. a3 a6 6. Nf3 d6 7. O-O Nf6 8. d3 Bg4 9. Ne2 O-O 10. Qe1 b5 11. Ba2 a5 12. f5 Nd7 13. fxg6 hxg6 14. Ng5 Nce5 15. Qh4 Bh5 16. h3 Nf6 17. g4 Nfxg4 18. hxg4 Nxg4 19. Ng3 Bd4+ 20. Kg2 Ne3+ 21. Bxe3 Bxe3 22. Nxh5 gxh5 23. Qxh5 1-0

[Event "Quebec op U2000"]
[Site "Montreal CAN"]
[Date "2008.07.21"]
[Round "3"]
[White "Page-Fortin, Mathieu"]
[Black "Armstrong, Robert J"]
[Result "1-0"]
[WhiteElo "1625"]
[BlackElo "1783"]
[PlyCount "79"]
[GameId "2160767910353598"]
[EventDate "2008.07.19"]
[EventType "swiss"]
[EventRounds "8"]
[EventCountry "CAN"]
[SourceTitle "EXT 2011"]
[Source "ChessBase"]
[SourceDate "2011.11.26"]
[SourceVersion "1"]
[SourceVersionDate "2011.11.26"]
[SourceQuality "1"]

1. e4 g6 2. d4 Bg7 3. Nf3 d6 4. Nc3 Nf6 5. Bg5 h6 6. Bh4 O-O 7. Qd2 c6 8. O-O-O b5 9. e5 dxe5 10. dxe5 Qxd2+ 11. Rxd2 b4 12. Na4 Nd5 13. Bc4 e6 14. Nc5 a5 15. Re1 Na6 16. Ne4 Nac7 17. Nd6 Ba6 18. Rd4 Rfb8 19. Nd2 a4 20. N2e4 Nb5 21. Nxb5 Bxb5 22. Bxd5 Bxe5 23. Rxb4 cxd5 24. Nf6+ Bxf6 25. Bxf6 Bc4 26. Rxb8+ Rxb8 27. b3 axb3 28. cxb3 Bd3 29. Kd2 Bf5 30. Rc1 Kf8 31. Rc7 Ke8 32. Kc3 Bb1 33. a4 Ba2 34. b4 Ra8 35. b5 d4+ 36. Bxd4 Rxa4 37. b6 Bd5 38. b7 Ra3+ 39. Kc2 Ra2+ 40. Kb1 1-0

[Event "Quebec op U2000"]
[Site "Montreal CAN"]
[Date "2008.07.21"]
[Round "3"]
[White "Shah, Omar"]
[Black "McKay, Brian"]
[Result "1-0"]
[WhiteElo "1904"]
[BlackElo "1822"]
[PlyCount "69"]
[GameId "2160767910353599"]
[EventDate "2008.07.19"]
[EventType "swiss"]
[EventRounds "8"]
[EventCountry "CAN"]
[SourceTitle "EXT 2022"]
[Source "ChessBase"]
[SourceDate "2021.10.06"]
[SourceVersion "1"]
[SourceVersionDate "2021.10.06"]
[SourceQuality "1"]

1. e4 g6 2. d4 Bg7 3. Nc3 d6 4. Be3 Nf6 5. f3 O-O 6. Qd2 e6 7. O-O-O Re8 8. g4 a6 9. h4 h5 10. Bg5 hxg4 11. h5 b5 12. hxg6 fxg6 13. Qh2 Kf7 14. e5 Bb7 15. Be2 Nbd7 16. Qg2 Rh8 17. Rxh8 Qxh8 18. exf6 Nxf6 19. Ne4 Nxe4 20. fxe4 Bxd4 21. Rf1+ Ke8 22. Qxg4 Bxb2+ 23. Kb1 Kd7 24. Rf7+ Kc6 25. Qxe6 Qc3 26. Bf6 Qe1+ 27. Kxb2 Bc8 28. Qd5+ Kb6 29. Bd4+ c5 30. Qxd6+ Ka5 31. Bc3+ Ka4 32. Qxc5 Qxc3+ 33. Kxc3 Ka5 34. Rf6 Rb8 35. Qb4# 1-0

[Event "Quebec op U2000"]
[Site "Montreal CAN"]
[Date "2008.07.22"]
[Round "4"]
[White "Armstrong, Robert J"]
[Black "Robertson, Trevor"]
[Result "1-0"]
[WhiteElo "1783"]
[BlackElo "1639"]
[PlyCount "81"]
[GameId "2160767910353600"]
[EventDate "2008.07.19"]
[EventType "swiss"]
[EventRounds "8"]
[EventCountry "CAN"]
[SourceTitle "EXT 2011"]
[Source "ChessBase"]
[SourceDate "2011.11.26"]
[SourceVersion "1"]
[SourceVersionDate "2011.11.26"]
[SourceQuality "1"]

1. d4 d5 2. c4 e6 3. Nf3 Nf6 4. e3 c6 5. Bd3 Nbd7 6. O-O Qc7 7. Nc3 h6 8. b3 e5 9. Nxe5 Nxe5 10. dxe5 Qxe5 11. Qe1 Bd6 12. f4 Qh5 13. Be2 Bg4 14. Bxg4 Nxg4 15. Qg3 O-O 16. cxd5 f5 17. dxc6 bxc6 18. Bb2 Rfe8 19. Rae1 Re6 20. e4 Bc5+ 21. Kh1 Bd4 22. h3 Rg6 23. Qf3 Re8 24. e5 Qh4 25. Re2 Ree6 26. Na4 c5 27. Bxd4 cxd4 28. Nc5 Re8 29. Qd5+ Kh7 30. Qxd4 Rd8 31. Qc3 Re8 32. Rf3 Rb6 33. Qe1 Qxe1+ 34. Rxe1 Re7 35. Rd1 Rc6 36. Rd7 Rxc5 37. Rxe7 Kg8 38. Rxa7 Rc2 39. e6 Rf2 40. Rf7 Rxa2 41. hxg4 1-0